| 000 | 00938cam7a220025300 4500 | ||
|---|---|---|---|
| 001 | lce00787652 | ||
| 008 | 731018s1973 ilua b 001 0beng | ||
| 010 | _a 72093204 | ||
| 020 | _a0398027161 | ||
| 035 | _a(Sirsi) r66197 | ||
| 035 | _a(DLC) 72093204 | ||
| 035 | _a(UPRA)lce00787652 | ||
| 040 | _dUPRA | ||
| 050 | 0 |
_aR154.P2513 _bC37 |
|
| 082 |
_a610/.92/4 _aB |
||
| 100 | 1 |
_aCarmichael, Daniel Erskine, 1932- _dCarmichael, Daniel Erskine, 1932- _6A26633.1 |
|
| 245 | 1 | 4 |
_aThe Pap smear : _blife of George N. Papanicolaou / _cby D. Erskine Carmichael ; with a foreword by Charles S. Cameron. |
| 260 |
_aSpringfield, IL : _bThomas, _c[1973] |
||
| 504 | _aBibliography: p. 105-114. | ||
| 600 | 1 | 0 |
_aPapanicolaou, George N., 1883-1962. _dPapanicolaou, George N., 1883-1962. _6S19151.1 |
| 650 | 0 |
_aPap test -- History. _xPap test -- History. _6S19152.1 |
|
| 949 |
_aR154.P2513 _wLC _i-88576 _mMEDICAL _tBOOK _lON-SHELF |
||
| 004 | 66197 | ||
| 999 |
_c41279 _d41279 |
||